Scarpe : una celebrazione di scarpe da sera, sandali, pantofole e altro /
Gardado en:
| Autor Principal: | |
|---|---|
| Outros autores: | |
| Formato: | Libro |
| Idioma: | Lingua italiana |
| Publicado: |
Koln :
Konemann,
\1999!
|
| Subjects: | |
| Tags: |
Sen Etiquetas, Sexa o primeiro en etiquetar este rexistro!
|
MARC
| LEADER | 00000nam a22000007i 4500 | ||
|---|---|---|---|
| 001 | IT\ICCU\RAV\0333459 | ||
| 003 | ItRI | ||
| 005 | 20260115231842.0 | ||
| 008 | 990527s1999 gw |||||| ||||| |||||c | ||
| 020 | |a 3829013736 | ||
| 040 | |b ita |c importazione bologna sebina | ||
| 041 | 7 | |a ita |2 ISO-639-2 | |
| 082 | |a 391.413 |9 USO DI CALZATURE |2 19 | ||
| 100 | 1 | |a O'Keeffe, Linda |0 IT\ICCU\RAVV\108532 |4 aut | |
| 240 | 1 | 0 | |a Shoes. A celebration of pumps, sandals, slippers & more. |3 IT\ICCU\RAV\0333460 |9 O'Keeffe, Linda |
| 245 | 1 | 0 | |a Scarpe : |b una celebrazione di scarpe da sera, sandali, pantofole e altro / |c Linda O'Keeffe ; fotografie di Andreas Bleckmann. |
| 260 | |a Koln : |b Konemann, |c \1999! | ||
| 300 | |a 507 p. : |b ill. ; |c 11x15 cm | ||
| 500 | |a Trad. di Gianni Pannofino | ||
| 650 | 7 | |a Calzature |2 scbi | |
| 700 | 1 | |a Bleckmann, Andreas |0 IT\ICCU\RAVV\108533 | |
| 942 | |2 ddc |c BK |n 0 | ||
| 952 | |0 0 |1 0 |4 0 |6 DOC_391_413000000000000_OKE |7 0 |9 14272 |a BO |b BO |d 2026-01-15 |i 15552 |l 0 |o DOC 391.413 OKE |p BO15552 |r 2026-01-15 23:18:42 |w 2026-01-15 |x [Sebina 7] [1 v.] |y BK |z 1 v. | ||
| 999 | |c 12311 |d 12311 | ||